000 01476cam a2200337 i 4500
001 17874350
003 PILC
005 20160523115555.0
008 130903s2014 paua b 001 0 eng
010 _a 2013035677
020 _a9781451188769 (pbk.)
035 _a(DNLM)101616263
040 _aDNLM/DLC
_cDLC
_erda
_dDLC
042 _apcc
050 0 0 _aRS 200
_b.Al57 2014
060 1 0 _aQV 786
082 0 0 _a615/.1
100 1 _aAllen, Loyd V.,
_cJr.,
_eauthor.
245 1 0 _aAnsel's pharmaceutical dosage forms and drug delivery systems /
_cLoyd V. Allen, Jr., PhD, Professor and Chair Emeritus, Department of Medicinal Chemistry and Pharmaceutics, College of Pharmacy, University of Oklahoma, University of Oklahoma Health Sciences Center, Oklahoma City, Oklahoma, Editor-in-Chief, International Journal of Pharmaceutical Compounding, Howard C. Ansel, PhD, Professor and Dean Emeritus, College of Pharmacy, The University of Georgia, Athens, Georgia.
246 1 _aPharmaceutical dosage forms and drug delivery systems
250 _a10th edition.
260 _aPhiladelphia :
_bWolters Kluwer,
_c2014.
300 _axi, 794 pages :
_billustrations (some color) ;
_c26 cm
500 _aIncludes bibliographical references and index.
650 1 2 _aDosage Forms.
650 2 2 _aDrug Delivery Systems.
700 1 _aAnsel, Howard C.,
_d1933-
_eauthor.
906 _a7
_bcbc
_corignew
_d1
_eecip
_f20
_gy-gencatlg
942 _2lcc
_cBK
999 _c294693
_d294693